Limaduras /
Furkejuvvon:
| Váldodahkki: | |
|---|---|
| Materiálatiipa: | Dovdameahttun |
| Giella: | Spanish |
| Almmustuhtton: |
Caracas, Venezuela:
Torino,
2005
|
| Fáttát: | |
| Fáddágilkorat: |
Lasit fáddágilkoriid
Eai fáddágilkorat, Lasit vuosttaš fáddágilkora!
|
MARC
| LEADER | 000000000a22000000004500 | ||
|---|---|---|---|
| 001 | 001004 | ||
| 008 | 170621s2005 ve ||||| |||| 00| p spa d | ||
| 020 | |a 9801213140 | ||
| 041 | 0 | |a espáñol | |
| 082 | |a V861.44 |b F634L | ||
| 100 | 1 | |a Flores, María Antonieta, |d 1960- | |
| 245 | 1 | 0 | |a Limaduras / |c María Antonieta Flores |
| 260 | |a Caracas, Venezuela: |b Torino, |c 2005 | ||
| 300 | |a 62 páginas | ||
| 500 | |a Número de inscripción: 4375, 4484, 8015, 12059, 14088, 9678 | ||
| 650 | 4 | |a LITERATURA VENEZOLANA |v POESÍA | |
| 942 | |2 ddc |c BK | ||
| 999 | |c 2131 |d 2131 | ||



